000 00642nam a2200181Ia 4500
003 OSt
005 20260328102258.0
008 211028s2010 xx 000 0 und d
040 _cAIMIT LIBRARY
041 _aeng
082 _a658.3 LOBA
100 _aLobo, Alwyn Sunraj;Dhananjay K.
_g816006
_96391
245 _aCreating awarenes and identifying the potential donors who are willing to meet the inadequacy of funds of akshaya patra, Mangalore for the distribution of mid-day meal scheme /
260 _bDhananjay K
_c2010
600 _aHuman Resource Management
_96392
650 _aHuman Resource Management
_96393
942 _2ddc
_cPRO
999 _c218222
_d218222